书目信息 |
| 题名: |
9·11生死婚礼
|
|
| 作者: | 贝拉 著 | |
| 分册: | ||
| 出版信息: | 北京 现代出版社 2002.10 |
|
| 页数: | 314页 | |
| 开本: | 21cm | |
| 丛书名: | ||
| 单 册: | ||
| 中图分类: | I711.45 | |
| 科图分类: | ||
| 主题词: | 自传体小说--zi zhuan ti xiao shuo--加拿大--现代 | |
| 电子资源: | ||
| ISBN: | 7-80028-826-9 | |
| 000 | 00915nam0 2200241 450 | |
| 001 | 012008854359 | |
| 005 | 20080317105200.81 | |
| 010 | @a7-80028-826-9@dCNY18.00 | |
| 100 | @a20080317d2002 km y0chiy0120 ea | |
| 101 | 1 | @achi@ceng |
| 102 | @aCN@b110000 | |
| 105 | @aa z 000ad | |
| 106 | @ar | |
| 200 | 1 | @a9·11生死婚礼@A9·11 Sheng Si Hun Li@e我的情爱自传@f(美) 贝拉著@F(mei)bei la zhu |
| 210 | @a北京@c现代出版社@d2002.10 | |
| 215 | @a314页@c图@d21cm | |
| 330 | @a作者以第一人称方式,描写了小说主人公在九一一举行婚礼的当天,因一点变故爱人进入世贸大厦,被突发的震惊世界的九一一恐怖事件夺去了深爱的人的生命、主人公痛不欲生地经历着生与死的情爱折磨。 | |
| 517 | 1 | @a我的情爱自传@AWo De Qing Ai Zi Zhuan |
| 606 | 0 | @a自传体小说@Azi zhuan ti xiao shuo@y加拿大@z现代 |
| 690 | @aI711.45@v4 | |
| 701 | 1 | @a贝拉@Abei la@g(Shen, Lei)@4著 |
| 801 | 0 | @aCN@bQSSK@c20080317 |
| 905 | @b20286082-85@dI711.45@eB685@f4 | |
| 9·11生死婚礼:我的情爱自传/(美) 贝拉著.-北京:现代出版社,2002.10 |
| 314页:图;21cm |
| ISBN 7-80028-826-9:CNY18.00 |
| 作者以第一人称方式,描写了小说主人公在九一一举行婚礼的当天,因一点变故爱人进入世贸大厦,被突发的震惊世界的九一一恐怖事件夺去了深爱的人的生命、主人公痛不欲生地经历着生与死的情爱折磨。 |
| ● |
| 相关链接 |
|
|
|
正题名:9·11生死婚礼
索取号:I711.45/B685
 
预约/预借
| 序号 | 登录号 | 条形码 | 馆藏地/架位号 | 状态 | 备注 |
| 1 | 286082 | 202860822 | 文学库116/116文学库 25排1列6层/ [索取号:I711.45/B685] | 在馆 | |
| 2 | 286083 | 202860831 | 社科二线422/422社科库 32排1列1层/ [索取号:I711.45/B685] | 在馆 | |
| 3 | 286084 | 202860840 | 社科二线422/422社科库 32排1列1层/ [索取号:I711.45/B685] | 在馆 | |
| 4 | 286085 | 202860859 | 社科二线422/422社科库 32排1列1层/ [索取号:I711.45/B685] | 在馆 |